000 00312nam a2200145Ia 4500
003 OSt
005 20240329110057.0
008 170524s9999 xx 000 0 und d
020 _a9780074639481
040 _cIIMTU MEERUT
100 _aTulsian P C
245 0 _aBusiness L aw
260 _aTMH
942 _2ddc
_c02
999 _c3260
_d3260